| 000 | 00343 a2200109 4500 | ||
|---|---|---|---|
| 001 | ART_2582 | ||
| 005 | 20260410161719.0 | ||
| 008 | 260409a | ||
| 245 | 1 | 0 | _aUn homenaje al Doctor Antonio Lopes de Sa |
| 100 | 1 | _aGarcía Casella, Carlos Luis | |
| 773 | 0 |
_tContabilidad y auditoría _g- Año 17, Nº 33 (jun. 2011) _wREV1723 |
|
| 999 |
_c16797 _d16797 |
||